Państwa, które uzyskały niepodległość od USA - Statystyki

Ogólne statystyki
  • Ten quiz został rozwiązany 134 razy
  • Średni wynik to 4 z 8
Statystyki odpowiedzi
Odpowiedź % Poprawnych
Kuba
79%
Filipiny
67%
Japonia
48%
Niemcy
38%
Mikronezja
33%
Wyspy Marshalla
32%
Palau
30%
Liberia
28%
Nie znaleziono quizów pasujących do podanych kryteriów
Rozkład punktacji
Procent ludzi z każdym wynikiem
Percentyl według liczby udzielonych odpowiedzi
Twoja historia wyników
Nie rozwiązałeś tego quizu